000 00277nam a22001217a 4500
082 _a004
_bMIN/P
100 _aMIND PARLOUR
245 _aPROGRAMMING IN ASP.NET
260 _aBANGALORE
_bMIND PARLOUR
300 _a138
650 _aCOMPUTER SCIENCE REFERENCE
_zINDIA
942 _cBK
999 _c1699
_d1699